Ngôn ngữ cơ thể : Bí quyết chiến thắng trong mọi cuộc đàm phán = Body language secrets to win more negotiations: how to read any opponent and get what you want
Ngôn ngữ cơ thể – Bí quyết chiến thắng trong mọi cuộc đàm phán” đưa ra “sự hướng dẫn cơ bản để đưa ra các quyết định đúng đắn, giảm thiểu sai sót và biết cần phải làm gì khi người khác không có để lộ manh mối. Nhận biết được ý ngh...
Guardat en:
| Autor principal: | |
|---|---|
| Format: | Llibre |
| Idioma: | Undetermined |
| Publicat: |
Hà Nội
Hồng Đức
2019
|
| Matèries: | |
| Etiquetes: |
Afegir etiqueta
Sense etiquetes, Sigues el primer a etiquetar aquest registre!
|
| Thư viện lưu trữ: | Trung tâm Học liệu Trường Đại học Cần Thơ |
|---|
| LEADER | 01474nam a2200229Ia 4500 | ||
|---|---|---|---|
| 001 | CTU_238698 | ||
| 008 | 210402s9999 xx 000 0 und d | ||
| 020 | |c 115000 | ||
| 082 | |a 658.4052 | ||
| 082 | |b W721 | ||
| 100 | |a Williams, Greg | ||
| 245 | 0 | |a Ngôn ngữ cơ thể : | |
| 245 | 0 | |b Bí quyết chiến thắng trong mọi cuộc đàm phán = Body language secrets to win more negotiations: how to read any opponent and get what you want | |
| 245 | 0 | |c Creg Williams ; Nguyễn Thanh Nhàn (dịch) | |
| 260 | |a Hà Nội | ||
| 260 | |b Hồng Đức | ||
| 260 | |c 2019 | ||
| 520 | |a Ngôn ngữ cơ thể – Bí quyết chiến thắng trong mọi cuộc đàm phán” đưa ra “sự hướng dẫn cơ bản để đưa ra các quyết định đúng đắn, giảm thiểu sai sót và biết cần phải làm gì khi người khác không có để lộ manh mối. Nhận biết được ý nghĩa chuyển động cơ thể của mọi người… từ việc do dự tới cử chỉ tay hay nửa nụ cười… đều là câu trả lời cho những cử động cơ thể thông minh của bạn khi đàm phán. | ||
| 650 | |a Body language,Ngôn ngữ cơ thể | ||
| 650 | |x Business management,Quản trị kinh doanh | ||
| 904 | |i Hải | ||
| 980 | |a Trung tâm Học liệu Trường Đại học Cần Thơ | ||